000 00752naa a22002297u 4500
001 07828
003 HDC
007 cr bn ---aaaaa
008 210128t2003 ce 000 0 eng
040 _aHDC
245 0 _aNew bivoltine purelines for better cocoon production
260 _aChina :
_bFFTC Research Highlights,
_c2003
336 _atext
_2rdacontent
337 _acomputer
_2rdamedia
338 _aonline resource
_2rdacarrier
650 _aAgriculture
_91238
650 _aTechnological innovations
_9402
856 _zRequest full-text at [email protected]
942 _2lcc
942 _cEIS
942 _kEMAG 000424
999 _c5151
_d5151